000
00198nam a2200097Ia 4500
008
240331s9999 xx 000 0 und d
082
_b
ROD
100
_a
Rodrigo,S
245
0
_a
Narilathawa
942
_c
L
999
_c
1411
_d
1411